<?xml version="1.0" encoding="UTF-8"?>
<record
    xmlns:xsi="http://www.w3.org/2001/XMLSchema-instance"
    xsi:schemaLocation="http://www.loc.gov/MARC21/slim http://www.loc.gov/standards/marcxml/schema/MARC21slim.xsd"
    xmlns="http://www.loc.gov/MARC21/slim">

  <leader>02117nam a2200229 a 4500</leader>
  <controlfield tag="001">000048013</controlfield>
  <controlfield tag="005">20201002060850.0</controlfield>
  <controlfield tag="008">181015s2006    dr            000 m spa d</controlfield>
  <datafield tag="040" ind1=" " ind2=" ">
    <subfield code="a">DO-SdBNP</subfield>
    <subfield code="b">spa</subfield>
    <subfield code="c">BNPHU</subfield>
  </datafield>
  <datafield tag="082" ind1=" " ind2=" ">
    <subfield code="a">xxxx</subfield>
    <subfield code="b">R426d</subfield>
  </datafield>
  <datafield tag="110" ind1="2" ind2=" ">
    <subfield code="a">Rep&#xFA;blica Dominicana.</subfield>
    <subfield code="b">Superintendencia de Valores.</subfield>
    <subfield code="9">14843</subfield>
  </datafield>
  <datafield tag="245" ind1="1" ind2="0">
    <subfield code="a">Dep&#xF3;sito centralizado de valores /</subfield>
    <subfield code="c">responsables Fe Cristina Batista, Virginia Linares ; cuidado de edici&#xF3;n Angela Torres, Ingrid So&#xF1;&#xE9;.</subfield>
  </datafield>
  <datafield tag="260" ind1=" " ind2=" ">
    <subfield code="a">Santo Domingo :</subfield>
    <subfield code="b">SIV. Direcci&#xF3;n de Promoci&#xF3;n y Difusi&#xF3;n,</subfield>
    <subfield code="c">2006.</subfield>
  </datafield>
  <datafield tag="300" ind1=" " ind2=" ">
    <subfield code="a">63 p. ;</subfield>
    <subfield code="c">23 cm.</subfield>
  </datafield>
  <datafield tag="490" ind1="1" ind2=" ">
    <subfield code="a">Estudios</subfield>
    <subfield code="v">1</subfield>
  </datafield>
  <datafield tag="505" ind1="0" ind2=" ">
    <subfield code="a">Presentaci&#xF3;n --</subfield>
    <subfield code="t">Ley del mercado de valores No. 19-00 --</subfield>
    <subfield code="t">Reglamento de la ley del mercado de valores No. 729-04 --</subfield>
    <subfield code="t">CNV-2002-01-BV: norma para las bolsas de valores que establece los requisitos de autorizaci&#xF3;n para inscribirse en el registro de mercado de valores --</subfield>
    <subfield code="t">CNV-2005-03-MV: norma que establece los derechos por concepto de registro de emisiones y de participantes en el registro del mercado de valores y productos --</subfield>
    <subfield code="t">CNV-2005-04-EV: norma sobre los requisitos de autorizaci&#xF3;n e inscripci&#xF3;n en el registro de la oferta p&#xFA;blica de valores --</subfield>
    <subfield code="t">CNV-2005-05-EV: anexo A, B y C --</subfield>
    <subfield code="t">CNV-2005-07-AF: norma para los fondos mutuos o los fondos cerrados de inversi&#xF3;n que establece los requisitos de autorizaci&#xF3;n para inscribirse en el registro de mercado de valores y productos --</subfield>
    <subfield code="t">CNV-2005-09-DC: norma para el dep&#xF3;sito centralizado de valores que establece los requisitos de autorizaci&#xF3;n para operar e inscribirse en el registro del mercado de valores y productos --</subfield>
    <subfield code="t">Bolsa de valores ofreciendo servicios de depositarios --</subfield>
    <subfield code="t">CNV-2005-10-IV: norma para los intermediarios de valores que establece disposiciones para su funcionamiento --</subfield>
    <subfield code="t">CNV-2005-11-FM: norma para las administradoras de fondos mutuos que establece disposiciones para su funcionamiento y para la administraci&#xF3;n de sus fondos.</subfield>
  </datafield>
  <datafield tag="590" ind1=" " ind2=" ">
    <subfield code="a">Inventariado, 2019/LP</subfield>
  </datafield>
  <datafield tag="700" ind1="1" ind2=" ">
    <subfield code="a">Batista, Fe Cristina.</subfield>
    <subfield code="9">75514</subfield>
  </datafield>
  <datafield tag="700" ind1="1" ind2=" ">
    <subfield code="a">Torres, Angela.</subfield>
    <subfield code="9">75515</subfield>
  </datafield>
  <datafield tag="700" ind1="1" ind2=" ">
    <subfield code="a">So&#xF1;&#xE9;, Ingrid.</subfield>
    <subfield code="9">75516</subfield>
  </datafield>
  <datafield tag="830" ind1=" " ind2="0">
    <subfield code="a">Estudios</subfield>
    <subfield code="n">1</subfield>
    <subfield code="9">13150</subfield>
  </datafield>
  <datafield tag="952" ind1=" " ind2=" ">
    <subfield code="0">0</subfield>
    <subfield code="1">0</subfield>
    <subfield code="7">1</subfield>
    <subfield code="8">PD</subfield>
    <subfield code="a">PD</subfield>
    <subfield code="b">PD</subfield>
    <subfield code="c">HD</subfield>
    <subfield code="d">2018-10-15</subfield>
    <subfield code="i">LF1</subfield>
    <subfield code="l">0</subfield>
    <subfield code="o">xxxx R426d</subfield>
    <subfield code="p">48013-10</subfield>
    <subfield code="r">2020-06-25</subfield>
    <subfield code="w">2020-06-25</subfield>
    <subfield code="y">LFPD</subfield>
    <subfield code="Z">No se presta</subfield>
  </datafield>
  <datafield tag="952" ind1=" " ind2=" ">
    <subfield code="0">0</subfield>
    <subfield code="1">0</subfield>
    <subfield code="7">1</subfield>
    <subfield code="8">PD</subfield>
    <subfield code="a">PD</subfield>
    <subfield code="b">PD</subfield>
    <subfield code="c">HD</subfield>
    <subfield code="d">2018-10-15</subfield>
    <subfield code="i">LF1</subfield>
    <subfield code="l">0</subfield>
    <subfield code="o">xxxx R426d</subfield>
    <subfield code="p">48014-10</subfield>
    <subfield code="r">2020-06-25</subfield>
    <subfield code="w">2020-06-25</subfield>
    <subfield code="y">LFPD</subfield>
    <subfield code="Z">No se presta</subfield>
  </datafield>
  <datafield tag="999" ind1=" " ind2=" ">
    <subfield code="c">47501</subfield>
    <subfield code="d">47501</subfield>
  </datafield>
</record>
